01123nam a22002894a 4500001001200000003000800012006001900020007001500039008004100054010001700095020002800112040002100140035002100161050002300182082002000205100003000225245008000255260005700335300001700392504006600409533015200475650001900627655002900646710001700675856012600692999001500818ebr10003028CaPaEBRm u cr cn|||||||||010405s2002 inu sb s001 0 eng  z 2001002075 z0253339960 (alk. paper) aCaPaEBRcCaPaEBR a(OCoLC)15064550614aBL311b.V66 2002eb04a398.2/09/032211 aVon Hendy, Andrew,d1932-14aThe modern construction of mythh[electronic resource] /cAndrew Von Hendy. aBloomington, IN :bIndiana University Press,cc2002. axvii, 386 p. aIncludes bibliographical references (p. [363]-378) and index. aElectronic reproduction.bPalo Alto, Calif. :cebrary,d2013.nAvailable via World Wide Web.nAccess may be limited to ebrary affiliated libraries. 0aMythxHistory. 7aElectronic books.2local2 aebrary, Inc.40uhttp://site.ebrary.com/lib/rucke/Doc?id=10003028zAn electronic book accessible through the World Wide Web; click to view c2477d2477